Chansons les plus streamées : Zazie - Statistiques

Statistiques générales
  • Ce quiz a été pris 88 fois
  • Le résultat moyen est 6 sur 10
Statistiques - réponses
Nb de streams Chanson % Correct
6 500 000 Zen
93%
46 500 000 Je suis un homme
90%
16 500 000 Rue de la Paix
80%
6 000 000 Larsen
71%
29 500 000 J'envoie valser
70%
18 000 000 À ma place (avec Axel Bauer)
64%
31 000 000 Speed
64%
7 000 000 Un point c'est toi
49%
25 000 000 Comment on fait (avec Vianney)
32%
4 000 000 Duo (avec Paolo Nutini)
3%
Aucun quiz correspondant
Distribution des résultats
% des personnes avec chaque résultat
Percentile par nombre de réponses
Votre historique - résultats
Vous n’avez pas pris ce quiz